[Event "Siberian Bank Cup"]
[Site "Novosibirsk RUS"]
[Date "2012.11.17"]
[Round "1"]
[White "Smirnov, Pavel"]
[Black "Maletin, Pavel"]
[Result "1-0"]
[WhiteTitle "GM"]
[BlackTitle "GM"]
[WhiteElo "2610"]
[BlackElo "2567"]
[WhiteFideId "4123425"]
[BlackFideId "4146786"]
[EventDate "2012.11.17"]

1. d4 Nf6 2. c4 g6 3. Nc3 d5 4. Nf3 Bg7 5. cxd5 Nxd5 6. e4 Nxc3 7. bxc3 c5 8.
Rb1 O-O 9. Be2 cxd4 10. cxd4 Qa5+ 11. Bd2 Qxa2 12. O-O Bg4 13. Bg5 h6 14. Be3
Nc6 15. d5 Na5 16. Re1 Rfc8 17. Nd4 Bxd4 18. Bxd4 Bxe2 19. Rxe2 Qc4 20. f4 Rc7
21. f5 Rac8 22. fxg6 fxg6 23. Be5 Rd7 24. Re1 Qc5+ 25. Kh1 Nc4 26. Rc1 Qb6 27.
Qa4 Nxe5 28. Rxc8+ Rd8 29. Rxd8+ Qxd8 30. Qxa7 Qc7 1-0

[Event "Siberian Bank Cup"]
[Site "Novosibirsk RUS"]
[Date "2012.11.17"]
[Round "1"]
[White "Bocharov, Dmitry"]
[Black "Nepomniachtchi, Ian"]
[Result "1-0"]
[WhiteTitle "GM"]
[BlackTitle "GM"]
[WhiteElo "2620"]
[BlackElo "2707"]
[WhiteFideId "4138716"]
[BlackFideId "4168119"]
[EventDate "2012.11.17"]

1. c4 c5 2. g3 Nc6 3. Bg2 g6 4. e3 Bg7 5. Ne2 d6 6. Nbc3 Nh6 7. d4 cxd4 8. exd4
Bd7 9. d5 Ne5 10. b3 Qa5 11. O-O O-O 12. Bd2 Bg4 13. f3 Bd7 14. h3 Nf5 15. Kh2
Qb6 16. f4 Nd3 17. Rf3 Nc5 18. Be1 h5 19. Bf2 Rac8 20. Rb1 Qd8 21. Rc1 e5 22.
dxe6 fxe6 23. b4 Na6 24. Qb3 Bc6 25. Rd3 Bxg2 26. Kxg2 Qc7 27. c5 dxc5 28. Qxe6+
Kh7 29. Rd7 Qb8 30. Ne4 Rce8 31. Qd5 Nxb4 32. Ng5+ Kh6 33. Qd2 b6 34. g4 Rxe2
35. Qxe2 Qxf4 36. Ne6 Qxc1 37. g5+ Qxg5+ 38. Nxg5 Kxg5 39. Rxg7 Nd5 40. Qe5 Nf4+
41. Kh2 Rd8 42. Bh4+ 1-0

[Event "Siberian Bank Cup"]
[Site "Novosibirsk RUS"]
[Date "2012.11.17"]
[Round "2"]
[White "Maletin, Pavel"]
[Black "Bocharov, Dmitry"]
[Result "1/2-1/2"]
[WhiteTitle "GM"]
[BlackTitle "GM"]
[WhiteElo "2567"]
[BlackElo "2620"]
[WhiteFideId "4146786"]
[BlackFideId "4138716"]
[EventDate "2012.11.17"]

1. c4 e5 2. g3 Nc6 3. Nc3 g6 4. Bg2 Bg7 5. e4 d6 6. Nge2 f5 7. d3 Nf6 8. O-O O-O
9. Nd5 h6 10. Rb1 g5 11. exf5 Bxf5 12. b4 Rb8 13. b5 Ne7 14. Nxf6+ Bxf6 15. Be3
a5 16. b6 c6 17. Nc3 Qd7 18. Ne4 Bg7 19. Qa4 Ra8 20. Qa3 Rfd8 21. Rbd1 Bg4 22.
Rd2 Nf5 23. Re1 Qe7 24. h3 Nxe3 25. fxe3 Be6 26. Rf2 Ra6 27. Ref1 Rxb6 28. Qxa5
Ra6 29. Qb4 Kh8 30. g4 Raa8 31. Rb1 Rd7 32. Ng3 Rf8 33. Rxf8+ Qxf8 34. Be4 Bg8
35. Bf5 Rc7 36. Ne4 d5 37. Qd6 Rf7 38. cxd5 cxd5 39. Qxf8 Bxf8 40. Nc3 Rc7 41.
Nb5 Rc2 42. d4 e4 43. Rb3 Rxa2 44. Nc7 Bd6 45. Rxb7 Bg3 46. Kf1 Rf2+ 47. Kg1 Rf3
48. Kg2 Bf2 49. Rb8 Bg3 50. Rxg8+ Kxg8 51. Nxd5 Bh4 52. Bxe4 Rf2+ 53. Kg1 Rb2
54. Bf5 Kf7 55. Kf1 Rf2+ 56. Kg1 Rd2 57. Kf1 Rf2+ 1/2-1/2

[Event "Siberian Bank Cup"]
[Site "Novosibirsk RUS"]
[Date "2012.11.17"]
[Round "3"]
[White "Smirnov, Pavel"]
[Black "Bareev, Evgeny"]
[Result "1/2-1/2"]
[WhiteTitle "GM"]
[BlackTitle "GM"]
[WhiteElo "2610"]
[BlackElo "2663"]
[WhiteFideId "4123425"]
[BlackFideId "4100140"]
[EventDate "2012.11.17"]

1. d4 e6 2. c4 f5 3. g3 Nf6 4. Bg2 c6 5. Nf3 d5 6. O-O Bd6 7. Nc3 O-O 8. Qc2 Bd7
9. Rb1 Qe7 10. c5 Bc7 11. b4 Ne4 12. b5 Nxc3 13. bxc6 Bxc6 14. Qxc3 Nd7 15. Bf4
Bxf4 16. gxf4 Rfc8 17. Ne5 Nxe5 18. fxe5 Be8 19. Qb4 Rc7 20. f4 Bh5 21. Bf3 Bxf3
22. Rxf3 Kf7 23. Rg3 b6 24. cxb6 Qxb4 25. Rxb4 axb6 26. a4 Ra6 27. Rgb3 Rca7 28.
Rxb6 Rxb6 29. Rxb6 Rxa4 30. e3 Ra2 31. Rb7+ Kf8 32. Rb8+ Kf7 33. Rb7+ 1/2-1/2

[Event "Siberian Bank Cup"]
[Site "Novosibirsk RUS"]
[Date "2012.11.17"]
[Round "3"]
[White "Bocharov, Dmitry"]
[Black "Sjugirov, Sanan"]
[Result "1-0"]
[WhiteTitle "GM"]
[BlackTitle "GM"]
[WhiteElo "2620"]
[BlackElo "2624"]
[WhiteFideId "4138716"]
[BlackFideId "4189302"]
[EventDate "2012.11.17"]

1. Nf3 Nf6 2. d4 g6 3. c4 Bg7 4. g3 O-O 5. Bg2 d6 6. Nc3 Nc6 7. O-O Rb8 8. Qd3
e5 9. dxe5 dxe5 10. Qxd8 Rxd8 11. Bg5 h6 12. Bxf6 Bxf6 13. Nd5 Bg7 14. Rad1 Be6
15. Nd2 Rbc8 16. Ne4 Bf8 17. Rd2 f5 18. Nec3 Na5 19. Rfd1 Kf7 20. b3 c6 21. Ne3
Rxd2 22. Rxd2 Bb4 23. Rc2 Rd8 24. Ned1 e4 25. f3 exf3 26. Bxf3 a6 27. Nf2 Bxc3
28. Rxc3 Rd2 29. Nd3 Rxa2 30. Nc5 Rb2 31. Re3 Bc8 32. Kf2 Rb1 33. h4 b6 34. Na4
Rxb3 35. Rxb3 Nxb3 36. Nxb6 Bb7 37. Ke3 a5 38. Na4 Ba6 39. Kd3 c5 40. Kc3 Bxc4
41. Kxc4 Nd2+ 42. Kxc5 Nxf3 43. exf3 g5 44. h5 f4 45. g4 Ke6 46. Nb2 Kf6 47. Kd6
Kf7 48. Ke5 Ke7 49. Kf5 Kf7 50. Na4 1-0

[Event "Siberian Bank Cup"]
[Site "Novosibirsk RUS"]
[Date "2012.11.17"]
[Round "3"]
[White "Andreikin, Dmitry"]
[Black "Nepomniachtchi, Ian"]
[Result "0-1"]
[WhiteTitle "GM"]
[BlackTitle "GM"]
[WhiteElo "2723"]
[BlackElo "2707"]
[WhiteFideId "4158814"]
[BlackFideId "4168119"]
[EventDate "2012.11.17"]

1. d4 d6 2. Nf3 Nd7 3. e4 Ngf6 4. e5 Nd5 5. c4 N5b6 6. e6 fxe6 7. Nc3 Nf6 8. Bd3
g6 9. h4 c6 10. h5 gxh5 11. Ng5 Rg8 12. Nxh7 Nxh7 13. Bxh7 Rxg2 14. c5 Nd5 15.
Nxd5 cxd5 16. Qxh5+ Kd7 17. Qf3 Rg7 18. Bd3 Kc7 19. Rh8 Rg1+ 20. Ke2 e5 21.
cxd6+ exd6 22. Qf7+ Bd7 23. Rh7 Qe8 24. Qxd5 Bg7 25. Be3 Rxa1 26. Qc4+ Kb8 27.
Rxg7 e4 28. Rg8 exd3+ 29. Kd2 b6 30. Rxe8+ Bxe8 31. Qd5 Rb1 32. b3 Rb2+ 33. Kxd3
Rxa2 34. f4 Ra5 35. Qxd6+ Kb7 36. d5 Rc8 37. Qe7+ Ka6 38. d6 Rd5+ 39. Ke2 Bc6
40. Kf2 Re8 41. Qc7 Bb5 42. Qc1 Rd8 43. Qa1+ Kb7 44. Bd4 R5xd6 45. Be5 Rd3 46.
Qa3 Bc6 47. Qe7+ R8d7 48. Qe6 Rd2+ 49. Ke1 Bf3 50. Qc4 Rg2 51. Bd4 Rh7 52. Qf1
Bd5 53. Bf2 Rhh2 54. Qd3 Bc6 55. Qe3 Rh7 56. f5 Rd7 57. f6 Rg4 58. Qh6 Re4+ 59.
Be3 Rd3 60. Qg7+ Ka6 61. f7 Rexe3+ 62. Kf2 Rf3+ 63. Ke1 Rd8 64. Qg8 Ra8 65. b4
Bd5 66. f8=Q Rfxf8 67. b5+ Ka5 68. Qg3 Rae8+ 69. Kd2 Kxb5 70. Qc7 Rf2+ 71. Kc3
Rf3+ 72. Kd4 Bc6 73. Qxb6+ Kxb6 0-1

[Event "Siberian Bank Cup"]
[Site "Novosibirsk RUS"]
[Date "2012.11.17"]
[Round "4"]
[White "Bareev, Evgeny"]
[Black "Bocharov, Dmitry"]
[Result "1/2-1/2"]
[WhiteTitle "GM"]
[BlackTitle "GM"]
[WhiteElo "2663"]
[BlackElo "2620"]
[WhiteFideId "4100140"]
[BlackFideId "4138716"]
[EventDate "2012.11.17"]

1. Nf3 Nf6 2. g3 d5 3. Bg2 c6 4. O-O Bg4 5. d3 e6 6. Nbd2 Be7 7. e4 O-O 8. Qe2
c5 9. h3 Bh5 10. g4 Bg6 11. Ne5 Nc6 12. Nxc6 bxc6 13. f4 h6 14. c4 Re8 15. Kh1
a5 16. b3 a4 17. Bb2 Qb6 18. e5 Nd7 19. f5 Bh7 20. f6 Bf8 21. Bc3 axb3 22. axb3
Rxa1 23. Rxa1 d4 24. Ba5 Qb7 25. Ne4 Qxb3 26. Bc7 Rc8 27. fxg7 Bxg7 28. Bd6 Nxe5
29. Bxe5 Bxe5 30. Nxc5 Qc3 31. Rf1 Bg7 32. Be4 Bxe4+ 33. Nxe4 Qb4 34. c5 Qb3 35.
Qf3 Rf8 36. Nd6 Qd5 37. Qxd5 cxd5 38. c6 Be5 39. Nb5 Rc8 40. c7 Kf8 41. Kg2 Ke7
42. h4 Bxc7 43. Rc1 Kd7 44. Rf1 Rf8 45. Nxd4 Bb6 46. Nf3 Kd6 47. g5 hxg5 48.
hxg5 Ra8 49. Rb1 Bc7 50. Rh1 Ra2+ 51. Kh3 Ke7 52. Kg4 Rg2+ 53. Kh4 Bf4 54. Rf1
e5 55. Ra1 Rg3 56. Nxe5 Bxe5 57. Re1 f6 58. Rxe5+ fxe5 59. Kxg3 Kf7 60. Kg4 Kg6
61. Kh4 e4 62. dxe4 dxe4 63. Kg4 e3 64. Kf3 Kxg5 65. Kxe3 1/2-1/2

[Event "Siberian Bank Cup"]
[Site "Novosibirsk RUS"]
[Date "2012.11.17"]
[Round "4"]
[White "Inarkiev, Ernesto"]
[Black "Smirnov, Pavel"]
[Result "1/2-1/2"]
[WhiteTitle "GM"]
[BlackTitle "GM"]
[WhiteElo "2693"]
[BlackElo "2610"]
[WhiteFideId "4162722"]
[BlackFideId "4123425"]
[EventDate "2012.11.17"]

1. e4 e5 2. Nf3 Nc6 3. Bb5 a6 4. Ba4 Nf6 5. O-O Be7 6. d3 d6 7. c3 O-O 8. Re1 b5
9. Bb3 Na5 10. Bc2 c5 11. Nbd2 Nc6 12. a4 b4 13. Nc4 Be6 14. Ne3 bxc3 15. bxc3
Rb8 16. d4 cxd4 17. cxd4 exd4 18. Nxd4 Nxd4 19. Qxd4 Qc7 20. Ba3 Rfd8 21. Rac1
Qa5 22. Red1 Bf8 23. h3 Qg5 24. Kf1 g6 25. Qd2 Qf4 26. Ng4 Qxd2 27. Nxf6+ Kg7
28. Nh5+ gxh5 29. Rxd2 Rdc8 30. Re1 Rc3 31. Bc1 Kg8 32. Bd3 Bh6 33. Rc2 Rxc2 34.
Bxc2 Bc4+ 35. Kg1 Bxc1 36. Rxc1 Rb2 37. Bd1 Be2 38. Bxe2 Rxe2 39. f3 Ra2 40. Rd1
Rxa4 41. h4 Kg7 42. Rxd6 h6 43. Kf2 Ra2+ 44. Kg3 a5 45. Rd5 Kg6 46. Rd6+ Kg7 47.
Ra6 a4 48. e5 a3 49. Ra5 Re2 50. Kf4 Rxg2 51. Rxa3 Rh2 52. Kg3 Rh1 53. Ra7 Kg6
54. Ra6+ Kg7 55. Rb6 Rg1+ 56. Kf4 Rh1 57. Kf5 Rxh4 58. Rb7 Kg8 59. Rb8+ Kg7 60.
Rb7 Kg8 61. Ra7 Kf8 62. Ra8+ Kg7 63. Rd8 Rh3 64. f4 Rg3 65. Rd7 Rg6 66. Ke4 h4
67. f5 Rg4+ 68. Kf3 Rg5 69. e6 Rxf5+ 70. Kg4 Rf6 71. exf7 Rxf7 1/2-1/2

[Event "Siberian Bank Cup"]
[Site "Novosibirsk RUS"]
[Date "2012.11.17"]
[Round "5"]
[White "Bocharov, Dmitry"]
[Black "Inarkiev, Ernesto"]
[Result "0-1"]
[WhiteTitle "GM"]
[BlackTitle "GM"]
[WhiteElo "2620"]
[BlackElo "2693"]
[WhiteFideId "4138716"]
[BlackFideId "4162722"]
[EventDate "2012.11.17"]

1. d4 d5 2. c4 c6 3. Nf3 Nf6 4. e3 e6 5. Bd3 Nbd7 6. O-O dxc4 7. Bxc4 Bd6 8. b3
O-O 9. Bb2 Qe7 10. Re1 b5 11. Bf1 Bb7 12. e4 e5 13. Nbd2 Rad8 14. Qc2 Rfe8 15.
Rac1 a6 16. dxe5 Nxe5 17. Nxe5 Bxe5 18. Bxe5 Qxe5 19. Nf3 Qe7 20. e5 Nd7 21. Bd3
g6 22. h4 Nf8 23. Be4 Ne6 24. Red1 c5 25. Bxb7 Qxb7 26. Qc3 Qe4 27. Rxd8 Rxd8
28. Ng5 Nxg5 29. hxg5 Rd5 30. Re1 Qf4 31. Qe3 Qxe3 32. Rxe3 Rd1+ 33. Kh2 Rd2 34.
f4 Rxa2 35. Rc3 Ra3 36. Rxc5 Rxb3 37. Rc8+ Kg7 38. Ra8 Ra3 39. Ra7 Kf8 40. Rb7
Ra4 41. Kg3 b4 42. Kf3 Ra3+ 43. Ke4 a5 44. g4 Rg3 45. Rb5 Rxg4 46. Rxa5 Rg1 47.
Rb5 Rb1 48. Kd3 b3 49. Kc3 Rf1 50. Rb4 Rf3+ 51. Kd2 Ke7 52. Kc1 Rf2 53. Kb1 b2
54. Ra4 Kf8 55. Rb4 Kg7 56. Rb7 Rxf4 57. e6 Rf2 58. e7 Re2 59. Rd7 h5 60. gxh6+
Kxh6 61. e8=Q Rxe8 62. Rxf7 Rb8 0-1

[Event "Siberian Bank Cup"]
[Site "Novosibirsk RUS"]
[Date "2012.11.17"]
[Round "6"]
[White "Bareev, Evgeny"]
[Black "Andreikin, Dmitry"]
[Result "0-1"]
[WhiteTitle "GM"]
[BlackTitle "GM"]
[WhiteElo "2663"]
[BlackElo "2723"]
[WhiteFideId "4100140"]
[BlackFideId "4158814"]
[EventDate "2012.11.17"]

1. c4 Nf6 2. Nc3 e5 3. Nf3 Nc6 4. g3 Bb4 5. Bg2 O-O 6. O-O Bxc3 7. bxc3 Re8 8.
d3 e4 9. Nd4 h6 10. Be3 Ne5 11. h3 b6 12. Qd2 d6 13. f4 exf3 14. Nxf3 Nxf3+ 15.
exf3 d5 16. cxd5 Nxd5 17. Bf2 c5 18. f4 Rb8 19. c4 Nf6 20. Rfe1 Bb7 21. Rxe8+
Qxe8 22. Re1 Qd7 23. Bxb7 Rxb7 24. g4 h5 25. g5 Ne8 26. d4 Rb8 27. Kh2 Rd8 28.
Qc3 Qf5 29. dxc5 Rd3 30. Rxe8+ Kh7 31. Qxd3 Qxd3 32. cxb6 axb6 33. Bxb6 Qxc4 0-1

[Event "Siberian Bank Cup"]
[Site "Novosibirsk RUS"]
[Date "2012.11.18"]
[Round "7"]
[White "Bocharov, Dmitry"]
[Black "Rublevsky, Sergei"]
[Result "0-1"]
[WhiteTitle "GM"]
[BlackTitle "GM"]
[WhiteElo "2620"]
[BlackElo "2688"]
[WhiteFideId "4138716"]
[BlackFideId "4115309"]
[EventDate "2012.11.17"]

1. c4 e5 2. g3 Nf6 3. Bg2 d5 4. cxd5 Nxd5 5. Nc3 Nb6 6. e3 Be7 7. Nge2 O-O 8.
O-O Nc6 9. f4 exf4 10. Nxf4 Ne5 11. d4 Ng6 12. e4 c5 13. d5 Ne5 14. Kh1 Bg4 15.
Qc2 Rc8 16. b3 c4 17. Bb2 Bd7 18. Rad1 Bd6 19. Qd2 Re8 20. Nce2 Qe7 21. Bd4 Bc5
22. Ba1 Bb4 23. Qd4 Qc5 24. h3 c3 25. Qxc5 Rxc5 26. Rc1 Bb5 27. a3 Bxa3 28. Rxc3
Nbd7 29. Rb1 a5 30. Nd4 Ba6 31. Nf5 g6 32. Nd4 Rec8 33. Rxc5 Rxc5 34. Bf1 Bxf1
35. Rxf1 Rc1 36. Rxc1 Bxc1 37. Bc3 Nc5 38. Nde2 Bxf4 39. gxf4 Ned7 40. Bxa5 Nxe4
41. Kg2 f5 42. Bd8 Kf7 43. Nd4 Ndf6 44. Bxf6 Nxf6 45. d6 Ne4 46. d7 Ke7 47. Ne6
Kxd7 48. Nf8+ Ke7 49. Nxh7 Nc5 50. b4 Nd3 51. Kf3 Nxb4 52. Ng5 b5 53. h4 Nd5 54.
Nh3 b4 55. Ke2 Kd6 56. Kd3 Kc5 0-1

[Event "Siberian Bank Cup"]
[Site "Novosibirsk RUS"]
[Date "2012.11.18"]
[Round "7"]
[White "Nepomniachtchi, Ian"]
[Black "Bareev, Evgeny"]
[Result "0-1"]
[WhiteTitle "GM"]
[BlackTitle "GM"]
[WhiteElo "2707"]
[BlackElo "2663"]
[WhiteFideId "4168119"]
[BlackFideId "4100140"]
[EventDate "2012.11.17"]

1. d4 f5 2. g3 Nf6 3. Bg2 e6 4. Nd2 Nc6 5. Ngf3 g6 6. O-O Bg7 7. b3 O-O 8. Bb2
d6 9. c4 Qe7 10. Re1 e5 11. dxe5 dxe5 12. e4 f4 13. Qc1 fxg3 14. hxg3 Ng4 15.
Ba3 Nb4 16. Nf1 a5 17. Re2 Bh6 18. Qe1 Be6 19. N3h2 Nxh2 20. Nxh2 Rad8 21. Qf1
Qd7 22. Bxb4 axb4 23. Ree1 Qd2 24. Bf3 Qc3 25. Bg4 Bxg4 26. Nxg4 Bd2 27. Red1 h5
28. Nh2 Be3 29. Rxd8 Bxf2+ 30. Qxf2 Qxa1+ 31. Kg2 Rxd8 32. Qf6 Rd6 33. Qe7 Qxa2+
34. Kh3 Qa8 35. Qxe5 Qc8+ 36. Kg2 Rd2+ 37. Kg1 Qf8 0-1

[Event "Siberian Bank Cup"]
[Site "Novosibirsk RUS"]
[Date "2012.11.18"]
[Round "8"]
[White "Bareev, Evgeny"]
[Black "Maletin, Pavel"]
[Result "1-0"]
[WhiteTitle "GM"]
[BlackTitle "GM"]
[WhiteElo "2663"]
[BlackElo "2567"]
[WhiteFideId "4100140"]
[BlackFideId "4146786"]
[EventDate "2012.11.17"]

1. c4 c5 2. g3 g6 3. Bg2 Bg7 4. e3 Nc6 5. Ne2 b6 6. d4 Bb7 7. d5 Na5 8. Na3 Nf6
9. O-O O-O 10. Bd2 d6 11. Bc3 a6 12. Qd2 Nd7 13. Rab1 Bxc3 14. Nxc3 b5 15. cxb5
axb5 16. Ncxb5 Ba6 17. b4 Nc4 18. Nxc4 Bxb5 19. Rfc1 Bxc4 20. Rxc4 cxb4 21.
Rbxb4 Nc5 22. Bf1 Qa5 23. Rc2 Qa3 24. Bc4 Ne4 25. Qe1 Rfb8 26. Bb5 Nc5 27. Rb1
Rb6 28. Bc4 Rab8 29. Rxb6 Rxb6 30. Qc1 Qa5 31. h4 Rb4 32. Kg2 h5 33. Be2 Qb6 34.
Qa3 Qb7 35. Bf3 Rb1 36. Qc3 Qb5 37. Be2 Qb7 38. Qd4 e5 39. Qd2 Ne4 40. Qa5 Rb2
41. Qd8+ Kg7 42. Rc8 Qxc8 43. Qxc8 Rxe2 44. Kf3 1-0

[Event "Siberian Bank Cup"]
[Site "Novosibirsk RUS"]
[Date "2012.11.18"]
[Round "8"]
[White "Inarkiev, Ernesto"]
[Black "Nepomniachtchi, Ian"]
[Result "0-1"]
[WhiteTitle "GM"]
[BlackTitle "GM"]
[WhiteElo "2693"]
[BlackElo "2707"]
[WhiteFideId "4162722"]
[BlackFideId "4168119"]
[EventDate "2012.11.17"]

1. e4 e6 2. d4 d5 3. Nc3 Nf6 4. Bg5 Bb4 5. e5 h6 6. Bd2 Bxc3 7. bxc3 Ne4 8. Qg4
Kf8 9. Bd3 Nxd2 10. Kxd2 c5 11. Nf3 cxd4 12. Nxd4 Qg5+ 13. Qxg5 hxg5 14. h3 Nd7
15. Rae1 Nc5 16. Rhf1 Bd7 17. f4 gxf4 18. Rxf4 Ke7 19. Ref1 Raf8 20. Rg4 Rfg8
21. Nb3 Na4 22. Rb4 b6 23. Rff4 Nb2 24. Nd4 Nxd3 25. cxd3 Rh5 26. Nf3 f6 27. Rh4
Rgh8 28. Rxh5 Rxh5 29. Rg4 Kf7 30. d4 Be8 31. h4 Rh7 32. Rf4 Ke7 33. g4 Bg6 34.
exf6+ gxf6 35. g5 Bf5 36. Ke3 Rh8 37. Kd2 fxg5 38. Nxg5 Kf6 39. Nf3 a5 40. Kc1
Rg8 41. Ng5 Kg6 42. Kb2 Kh5 43. Kb3 Rg7 44. a4 Rc7 45. Nf3 Rg7 46. Ng5 Bg4 47.
c4 Bd1+ 48. Kc3 Rc7 49. c5 Bg4 50. Rf6 Kxh4 51. Nf7 bxc5 52. Rh6+ Kg3 53. Ne5
Bf5 54. Rh8 Kf4 55. Rh1 cxd4+ 56. Kxd4 Rc2 57. Rf1+ Kg5 58. Ra1 Kf6 59. Nd7+ Ke7
60. Ne5 Re2 61. Nc6+ Kd6 62. Nxa5 e5+ 63. Kc3 d4+ 64. Kc4 Be6+ 65. Kd3 Re3+ 66.
Kd2 Bd5 67. Rb1 Ra3 68. Rb6+ Kd7 69. Rb4 Ke6 70. Nc4 Bxc4 71. Rxc4 Kd5 72. Rb4
e4 73. Kc2 e3 74. Rb8 Rc3+ 75. Kd1 Ke4 76. a5 Ra3 77. Kc2 d3+ 0-1

[Event "Siberian Bank Cup"]
[Site "Novosibirsk RUS"]
[Date "2012.11.18"]
[Round "8"]
[White "Smirnov, Pavel"]
[Black "Bocharov, Dmitry"]
[Result "1/2-1/2"]
[WhiteTitle "GM"]
[BlackTitle "GM"]
[WhiteElo "2610"]
[BlackElo "2620"]
[WhiteFideId "4123425"]
[BlackFideId "4138716"]
[EventDate "2012.11.17"]

1. d4 e6 2. c4 b6 3. e4 Bb7 4. Bd3 Nc6 5. Ne2 Nb4 6. Nbc3 Nxd3+ 7. Qxd3 g6 8. h4
Nf6 9. e5 Nh5 10. d5 d6 11. g4 Ng7 12. Bf4 Qd7 13. O-O-O O-O-O 14. Bg5 Be7 15.
Bf6 Rhg8 16. Nb5 dxe5 17. Bxe5 Ne8 18. Qb3 exd5 19. cxd5 Kb8 20. Nec3 Bd6 21.
Nxd6 Nxd6 22. f3 h5 23. Qb4 Rge8 24. Bf6 Rc8 25. Rhe1 Ba6 26. Qf4 Rxe1 27. Rxe1
Re8 28. Rxe8+ Nxe8 29. Bd4 Nd6 30. a4 Bc8 31. gxh5 gxh5 32. Be5 Nf5 33. a5 Qe7
34. axb6 axb6 35. Ne4 Kb7 36. d6 Qxh4 37. Qxh4 Nxh4 38. dxc7 Nxf3 39. Bf4 h4 40.
Nd6+ Kxc7 41. Nxf7+ Kb7 42. Nd6+ Kb8 43. Nc4+ Ka7 44. Ne5 Nd4 45. Kd2 h3 46. Ke3
Nb3 47. Kf2 Ka6 48. Kg3 Kb5 49. Nf3 Na5 50. Be5 Nc4 51. Bd4 Ka4 52. Bxb6 Nxb6
53. Ng1 Kb3 54. Nxh3 Kxb2 55. Nf4 Kc3 56. Kf3 1/2-1/2

[Event "Siberian Bank Cup"]
[Site "Novosibirsk RUS"]
[Date "2012.11.18"]
[Round "9"]
[White "Andreikin, Dmitry"]
[Black "Rublevsky, Sergei"]
[Result "1/2-1/2"]
[WhiteTitle "GM"]
[BlackTitle "GM"]
[WhiteElo "2723"]
[BlackElo "2688"]
[WhiteFideId "4158814"]
[BlackFideId "4115309"]
[EventDate "2012.11.17"]

1. Nc3 d5 2. e4 c6 3. Nf3 Bg4 4. h3 Bxf3 5. Qxf3 e6 6. Be2 Nf6 7. O-O Nbd7 8. d4
dxe4 9. Nxe4 Nxe4 10. Qxe4 Nf6 11. Qd3 Be7 12. Rd1 O-O 13. a4 a5 14. c3 Nd5 15.
Qg3 g6 16. Bd3 Bh4 17. Qg4 h5 18. Qe4 Bg5 19. f4 Bf6 20. Rf1 h4 21. Bd2 Ne7 22.
Rad1 Qd5 23. Qxd5 cxd5 24. Ra1 Nc8 25. Ra3 b6 26. Rb3 Rb8 27. Kf2 Nd6 28. Kf3
Rfc8 29. Be1 Kg7 30. Bf2 Rc6 31. Re1 Rh8 32. Be3 1/2-1/2

[Event "Siberian Bank Cup"]
[Site "Novosibirsk RUS"]
[Date "2012.11.18"]
[Round "9"]
[White "Maletin, Pavel"]
[Black "Inarkiev, Ernesto"]
[Result "1-0"]
[WhiteTitle "GM"]
[BlackTitle "GM"]
[WhiteElo "2567"]
[BlackElo "2693"]
[WhiteFideId "4146786"]
[BlackFideId "4162722"]
[EventDate "2012.11.17"]

1. c4 c5 2. Nf3 Nc6 3. Nc3 g6 4. g3 Bg7 5. Bg2 e6 6. d3 Nge7 7. Bg5 h6 8. Bd2
O-O 9. a3 d6 10. Rb1 b6 11. Qc1 Kh7 12. b4 Rb8 13. O-O Bb7 14. e3 Qd7 15. Rd1
Rfd8 16. Ne2 Rbc8 17. Bc3 Bxc3 18. Nxc3 cxb4 19. axb4 d5 20. c5 bxc5 21. bxc5
Rb8 22. Qa3 d4 23. Ne4 Kg7 24. Nd6 dxe3 25. fxe3 Ba8 26. Rxb8 Rxb8 27. d4 Qc7
28. e4 Qa5 29. Qxa5 Nxa5 30. Ne5 f6 31. Nd3 g5 32. Ra1 Nac6 33. d5 exd5 34. exd5
Nb4 35. Nxb4 Rxb4 36. Rxa7 Rb1+ 37. Bf1 Bxd5 38. Rxe7+ Kf8 39. Rc7 Rc1 40. Kf2
Rc2+ 41. Ke3 Rxh2 42. Bc4 1-0

[Event "Siberian Bank Cup"]
[Site "Novosibirsk RUS"]
[Date "2012.11.18"]
[Round "9"]
[White "Sjugirov, Sanan"]
[Black "Bareev, Evgeny"]
[Result "1/2-1/2"]
[WhiteTitle "GM"]
[BlackTitle "GM"]
[WhiteElo "2624"]
[BlackElo "2663"]
[WhiteFideId "4189302"]
[BlackFideId "4100140"]
[EventDate "2012.11.17"]

1. d4 e6 2. c4 f5 3. Nf3 Nf6 4. Bf4 b6 5. e3 Bb7 6. Bd3 Bb4+ 7. Nbd2 O-O 8. O-O
Bxd2 9. Nxd2 d6 10. Bg3 Nbd7 11. Re1 Ne4 12. Nxe4 fxe4 13. Be2 a5 14. b3 Qe7 15.
a3 h6 16. b4 axb4 17. axb4 Rxa1 18. Qxa1 Ra8 19. Qb2 Qf8 20. h3 Ra7 21. Bg4 Kf7
22. d5 Nf6 23. Bxe6+ Ke7 24. c5 Nxd5 25. Bxd5 Bxd5 26. cxd6+ cxd6 27. Qd4 Ke6
28. Rd1 Qa8 29. Qxb6 Rd7 30. b5 Qa7 31. Qxa7 Rxa7 32. Rb1 Rb7 33. Rb4 Rb6 34.
Ra4 Bb7 35. Ra5 Kd5 36. h4 h5 37. Kh2 g6 38. Ra4 Ke6 39. Rd4 d5 40. Rb4 Bc6 1/2-1/2

[Event "Siberian Bank Cup"]
[Site "Novosibirsk RUS"]
[Date "2012.11.18"]
[Round "10"]
[White "Inarkiev, Ernesto"]
[Black "Sjugirov, Sanan"]
[Result "0-1"]
[WhiteTitle "GM"]
[BlackTitle "GM"]
[WhiteElo "2693"]
[BlackElo "2624"]
[WhiteFideId "4162722"]
[BlackFideId "4189302"]
[EventDate "2012.11.17"]

1. e4 c6 2. Nc3 d5 3. Nf3 Bg4 4. h3 Bxf3 5. Qxf3 e6 6. d3 Nd7 7. a3 Bc5 8. g3
Ne7 9. Bg2 O-O 10. O-O f5 11. exd5 exd5 12. Ne2 Ne5 13. Qf4 N5g6 14. Qa4 f4 15.
Nxf4 Nxf4 16. Bxf4 Ng6 17. Bd2 Qb6 18. Kh2 Bxf2 19. Qg4 Qxb2 20. Bb4 Rf6 21. Qe2
a5 22. Rab1 Qd4 23. Bd2 b5 24. Bg5 Rf7 25. Qe6 Rf8 26. h4 Kh8 27. Kh3 Ne5 28.
Bc1 Rf5 29. Rxf2 Rxf2 30. Bb2 Qg4+ 31. Qxg4 Nxg4 32. c4 bxc4 33. dxc4 Ne3 34.
Bd4 Rxg2 35. Bxe3 Re2 36. Bc5 Rc8 37. cxd5 cxd5 38. Rb7 Re4 39. Rd7 Rc4 40. Bb6
a4 41. Rxd5 Kg8 42. Rd7 Rc3 43. Bd4 R3c7 44. Rd5 h6 45. Ra5 Rc4 46. Bb2 R8c7 47.
Ra6 Kh7 48. Be5 Re7 49. Bf4 Rb7 50. Bd6 Rb3 51. h5 Rd4 52. Bb4 Rd5 53. Kh4 Rb1
54. Rxa4 Rg5 55. Kh3 Rxh5+ 56. Kg2 Rb2+ 57. Kf3 Rb3+ 58. Kg2 Rb2+ 59. Kf3 Rf5+
60. Ke4 Rg5 61. Bd6 Re2+ 62. Kf3 Re6 63. Bf4 Rb5 64. Ra7 Rb3+ 65. Kg4 Kg6 66.
Ra5 Kf7 67. Ra7+ Re7 68. Ra6 g5 69. Bd6 Re6 70. Kh5 Kf6 71. Kxh6 Rd3 0-1

[Event "Siberian Bank Cup"]
[Site "Novosibirsk RUS"]
[Date "2012.11.18"]
[Round "10"]
[White "Rublevsky, Sergei"]
[Black "Nepomniachtchi, Ian"]
[Result "1/2-1/2"]
[WhiteTitle "GM"]
[BlackTitle "GM"]
[WhiteElo "2688"]
[BlackElo "2707"]
[WhiteFideId "4115309"]
[BlackFideId "4168119"]
[EventDate "2012.11.17"]

1. e4 e5 2. Bc4 c6 3. d4 d5 4. exd5 cxd5 5. Bb5+ Nc6 6. dxe5 Bc5 7. Nf3 Qb6 8.
Nc3 Bxf2+ 9. Kf1 d4 10. Ne4 Qxb5+ 11. Kxf2 Qb6 12. Nd6+ Kf8 13. Rf1 Be6 14. Bf4
h6 15. Kg1 Nge7 16. Bg3 Nd5 17. Bf2 Ne3 18. Nxd4 Qxd4 19. Qxd4 Nxd4 20. Bxe3
Nxc2 21. Bc5 Nxa1 22. Nxf7+ Kg8 23. Nxh8 Kxh8 24. Rxa1 b6 25. Bb4 Rd8 26. h3 Kg8
27. a3 Rd5 28. Bc3 Kf7 29. Rf1+ Ke7 30. Bb4+ Kd7 31. Bf8 g6 32. Bxh6 Rxe5 33.
Rf2 Bc4 34. Rd2+ Ke6 35. Kf2 Rd5 36. Rc2 b5 37. Bg7 a5 38. Bc3 a4 39. Kg3 Bd3
40. Rf2 Rg5+ 41. Kh4 Rh5+ 42. Kg4 Rf5 43. Rd2 Rd5 44. Kg3 Bc4 45. Rf2 Rf5 46.
Rc2 Bd3 47. Rd2 Rd5 48. Kf2 Bc4 49. Bd4 Rf5+ 50. Ke3 Rf1 51. Bc3 Re1+ 52. Kf4
Re2 53. Rxe2+ Bxe2 54. g4 Kf7 55. Ke4 1/2-1/2